| 000 | 00973pam a2200289 a 4500 | ||
|---|---|---|---|
| 999 |
_c5238 _d5238 |
||
| 001 | 3871312 | ||
| 003 | OSt | ||
| 005 | 20220405115932.0 | ||
| 008 | 890721s1990 enka b 001 0 eng | ||
| 010 | _a 89016310 | ||
| 020 |
_a0198542682 : _c$75.00 |
||
| 020 |
_a0198542674 (pbk.) : _c$30.00 |
||
| 040 |
_aDLC _cDLC _dDLC |
||
| 050 | 0 | 0 |
_aQH430 _b.L488 1990 |
| 082 | 0 | 0 |
_a575.1 _220 |
| 100 | 1 | _aLewin, Benjamin. | |
| 245 | 1 | 0 |
_aGenes IV / _cBenjamin Lewin. |
| 260 |
_aOxford ; _aNew York : _bOxford University Press, _cc1990. |
||
| 300 |
_axxii, 857 p. : _bill. (some col.) ; _c29 cm. |
||
| 504 | _aIncludes bibliographical references. | ||
| 650 | 0 | _aGenetics. | |
| 740 | 0 | _aGenes four. | |
| 856 | 4 | 2 |
_3Publisher description _uhttp://www.loc.gov/catdir/enhancements/fy0635/89016310-d.html |
| 856 | 4 | 1 |
_3Table of contents only _uhttp://www.loc.gov/catdir/enhancements/fy0635/89016310-t.html |
| 906 |
_a7 _bcbc _corignew _d1 _eocip _f19 _gy-gencatlg |
||
| 942 |
_2lcc _cBK _nCM |
||